Statistiques concernant Trouve la ville en fonction d'un de ses clubs de football

Cliquez ici pour prendre le quiz!

Statistiques générales

  • Ce quiz a été pris 657 fois
  • Le résultat moyen est 19 sur 25

Statistiques - réponses

Club de footballVille% Correct
BarçaBarcelone
99%
BayernMunich
98%
AjaxAmsterdam
97%
ArsenalLondres
97%
RealMadrid
96%
LOSCLille
95%
BenficaLisbonne
95%
AtléticoMadrid
95%
InterMilan
95%
JuventusTurin
94%
TottenhamLondres
93%
LazioRome
92%
West HamLondres
89%
GalatasarayIstanbul
88%
GalaxyLos Angeles
87%
OlympiakosAthènes
85%
FenerbahçeIstanbul
82%
FiorentinaFlorence
81%
Boca JuniorsBuenos Aires
76%
EvertonLiverpool
74%
Sociedade Esportiva PalmeirasSão Paulo
41%
WydadCasablanca
39%
Al AhlyLe Caire
27%
Club AfricainTunis
24%
Atlético NacionalMedellin
9%

Distribution des résultats

Percentile par nombre de réponses

% des personnes avec chaque résultat

Votre développement - résultats

Vous n’avez pas pris ce quiz